Besteron - online transfer peňazí bez čakania

Enregistré dans:
Détails bibliographiques
Auteur principal: Hagarová, Ráchel, 1990-
Format: Chapitre de livre
Langue:slovaque
Sujets:
Tags: Ajouter un tag
Pas de tags, Soyez le premier à ajouter un tag!

MARC

LEADER 00000naa$a2200000$$$4500
001 0225639
005 20240502073712.0
041 0 |a slo 
044 |a SK 
245 1 0 |a Besteron - online transfer peňazí bez čakania  |c Ráchel Hagarová 
610 2 0 |a štúdie prípadové 
610 2 0 |a start-up 
610 2 0 |a systémy platobné 
610 2 0 |a obchod elektronický 
610 2 0 |a platby elektronické 
100 1 |a Hagarová, Ráchel, 1990-